000 00325nam a22001457a 4500
008 211020b ||||| |||| 00| 0 eng d
020 _a9780205510672
041 _aeng
080 _25th
_a311
082 _a311
100 _a54
101 _aSTA
245 _aReading Statistics and Research
_cHuck,S.W
942 _2udc
_cBK
999 _c58301
_d58301